<?xml version="1.0" encoding="UTF-8"?>
<record
    xmlns:xsi="http://www.w3.org/2001/XMLSchema-instance"
    xsi:schemaLocation="http://www.loc.gov/MARC21/slim http://www.loc.gov/standards/marcxml/schema/MARC21slim.xsd"
    xmlns="http://www.loc.gov/MARC21/slim">

  <leader>01397nam a22003377a 4500</leader>
  <controlfield tag="003">NALT</controlfield>
  <controlfield tag="005">20220401144128.0</controlfield>
  <controlfield tag="008">200914b           ||||| |||| 00| 0 eng d</controlfield>
  <datafield tag="020" ind1=" " ind2=" ">
    <subfield code="a">9786164760530</subfield>
  </datafield>
  <datafield tag="040" ind1=" " ind2=" ">
    <subfield code="a">NALT</subfield>
  </datafield>
  <datafield tag="050" ind1=" " ind2=" ">
    <subfield code="a">JQ 1749.A5</subfield>
    <subfield code="b">R65E 2019</subfield>
  </datafield>
  <datafield tag="100" ind1="1" ind2=" ">
    <subfield code="9">47357</subfield>
    <subfield code="a">Romero, Segundo Joaquin E... [et al.]</subfield>
  </datafield>
  <datafield tag="245" ind1="1" ind2="0">
    <subfield code="a">Enhancing elections as instruments of democracy in the Asean region : developing an independent electoral commission performance framework from the experience of the Philippines and Thailand / </subfield>
    <subfield code="c">authors, Segundo Joaquin E. Romero ... [et al.] ; editors Segundo Joaquin E. Romero, Thawilwadee Bureekul.</subfield>
  </datafield>
  <datafield tag="250" ind1=" " ind2=" ">
    <subfield code="a">1st ed.</subfield>
  </datafield>
  <datafield tag="260" ind1=" " ind2=" ">
    <subfield code="a">Bangkok :</subfield>
    <subfield code="b">King Prajadhipok's Institute,</subfield>
    <subfield code="c">2019.</subfield>
  </datafield>
  <datafield tag="300" ind1=" " ind2=" ">
    <subfield code="a">234 p. :</subfield>
    <subfield code="b">ills., table, chart ;</subfield>
    <subfield code="c">23 cm.</subfield>
  </datafield>
  <datafield tag="650" ind1=" " ind2="0">
    <subfield code="9">22057</subfield>
    <subfield code="a">Elections</subfield>
    <subfield code="z">Thailand</subfield>
  </datafield>
  <datafield tag="650" ind1=" " ind2="0">
    <subfield code="9">47355</subfield>
    <subfield code="a">Elections</subfield>
    <subfield code="z">Philippines</subfield>
  </datafield>
  <datafield tag="651" ind1=" " ind2="0">
    <subfield code="9">10798</subfield>
    <subfield code="a">Thailand</subfield>
    <subfield code="x">Politics and government</subfield>
  </datafield>
  <datafield tag="651" ind1=" " ind2="0">
    <subfield code="9">47356</subfield>
    <subfield code="a">Philippines </subfield>
    <subfield code="x">Politics and government</subfield>
  </datafield>
  <datafield tag="700" ind1="1" ind2=" ">
    <subfield code="9">47350</subfield>
    <subfield code="a">Romero, Segundo Joaquin E</subfield>
  </datafield>
  <datafield tag="700" ind1="0" ind2=" ">
    <subfield code="9">39742</subfield>
    <subfield code="a">Thawilwadee Bureekul</subfield>
  </datafield>
  <datafield tag="700" ind1="1" ind2=" ">
    <subfield code="9">47351</subfield>
    <subfield code="a">Santos, Mary Grace P.</subfield>
  </datafield>
  <datafield tag="700" ind1="0" ind2=" ">
    <subfield code="9">47352</subfield>
    <subfield code="a">Pattama Subkhampang</subfield>
  </datafield>
  <datafield tag="700" ind1="0" ind2=" ">
    <subfield code="9">47353</subfield>
    <subfield code="a">Lertporn Udompong</subfield>
  </datafield>
  <datafield tag="700" ind1="0" ind2=" ">
    <subfield code="9">47354</subfield>
    <subfield code="a">Nattakarn Sukolratanametee</subfield>
  </datafield>
  <datafield tag="850" ind1=" " ind2=" ">
    <subfield code="a">NALT</subfield>
  </datafield>
  <datafield tag="942" ind1=" " ind2=" ">
    <subfield code="c">GB</subfield>
    <subfield code="2">lcc</subfield>
  </datafield>
  <datafield tag="998" ind1=" " ind2=" ">
    <subfield code="a">bijaya</subfield>
    <subfield code="c">DAO</subfield>
    <subfield code="j">109</subfield>
    <subfield code="k"> &#xE2D;&#xE32;&#xE23;&#xE35;&#xE23;&#xE31;&#xE15;&#xE19;&#xE4C; &#xE27;&#xE34;&#xE0A;&#xE32;&#xE0A;&#xE48;&#xE32;&#xE07;</subfield>
  </datafield>
  <datafield tag="999" ind1=" " ind2=" ">
    <subfield code="c">97559</subfield>
    <subfield code="d">97559</subfield>
  </datafield>
  <datafield tag="952" ind1=" " ind2=" ">
    <subfield code="0">0</subfield>
    <subfield code="1">0</subfield>
    <subfield code="2">lcc</subfield>
    <subfield code="4">0</subfield>
    <subfield code="7">0</subfield>
    <subfield code="8">CGBL</subfield>
    <subfield code="a">NALT</subfield>
    <subfield code="b">NALT</subfield>
    <subfield code="d">2020-09-14</subfield>
    <subfield code="l">0</subfield>
    <subfield code="o">JQ 1749.A5 R65E 2019</subfield>
    <subfield code="p">3961211334</subfield>
    <subfield code="r">2020-09-24 00:00:00</subfield>
    <subfield code="t">C.1</subfield>
    <subfield code="w">2020-09-14</subfield>
    <subfield code="y">GB</subfield>
  </datafield>
  <datafield tag="952" ind1=" " ind2=" ">
    <subfield code="0">0</subfield>
    <subfield code="1">0</subfield>
    <subfield code="2">lcc</subfield>
    <subfield code="4">0</subfield>
    <subfield code="7">0</subfield>
    <subfield code="8">CGBL</subfield>
    <subfield code="a">NALT</subfield>
    <subfield code="b">NALT</subfield>
    <subfield code="d">2020-09-14</subfield>
    <subfield code="l">0</subfield>
    <subfield code="o">JQ 1749.A5 R65E 2019</subfield>
    <subfield code="p">3961211335</subfield>
    <subfield code="r">2020-09-24 00:00:00</subfield>
    <subfield code="t">C.2</subfield>
    <subfield code="w">2020-09-14</subfield>
    <subfield code="y">GB</subfield>
  </datafield>
  <datafield tag="952" ind1=" " ind2=" ">
    <subfield code="0">0</subfield>
    <subfield code="1">0</subfield>
    <subfield code="2">lcc</subfield>
    <subfield code="4">0</subfield>
    <subfield code="7">0</subfield>
    <subfield code="8">CSEN</subfield>
    <subfield code="a">NALT</subfield>
    <subfield code="b">NALT</subfield>
    <subfield code="c">GEN</subfield>
    <subfield code="d">2023-06-18</subfield>
    <subfield code="o">JQ 1749.A5 R65E 2019</subfield>
    <subfield code="p">0100008886001</subfield>
    <subfield code="r">2023-07-27 00:00:00</subfield>
    <subfield code="w">2023-06-18</subfield>
    <subfield code="y">GB</subfield>
  </datafield>
</record>
